书目信息 |
| 题名: |
马克思恩格斯全集
|
|
| 作者: | ;中共中央马恩列斯著作编译局 编译 | |
| 分册: | 第十卷 | |
| 出版信息: | 北京 人民出版社 1962.04 |
|
| 页数: | 824页 | |
| 开本: | 21cm | |
| 丛书名: | ||
| 单 册: | ||
| 中图分类: | A1 | |
| 科图分类: | ||
| 主题词: | 马恩著作 | |
| 电子资源: | ||
| ISBN: | ||
| 000 | 00606nam0 2200193 45 | |
| 001 | 0181023384 | |
| 005 | 20060811154242.90 | |
| 010 | @dCNY2.10@b精装 | |
| 091 | @a1001.526 | |
| 100 | @a20810111d km y0chiy0120 ea | |
| 101 | 0 | @achi |
| 200 | 1 | @a马克思恩格斯全集@AMa Ke Si En Ge Si Quan Ji@h第十卷@f中共中央马恩列斯著作编译局编译@FZhong Gong Zhong Yang Ma En Lie Si Zhu Zuo Bian Yi Ju Bian Yi |
| 210 | @a北京@c人民出版社@d1962.04 | |
| 215 | @a824页@d21cm | |
| 606 | 0 | @a马恩著作 |
| 690 | @aA1@v3 | |
| 711 | 02 | @a中共中央马恩列斯著作编译局@4编译 |
| 801 | @aCN@bTSTC@c20060811 | |
| 905 | @dA1@e2:10@f1@b29637 | |
| 马克思恩格斯全集.第十卷/中共中央马恩列斯著作编译局编译.-北京:人民出版社,1962.04 |
| 824页;21cm |
| ISBN (精装):CNY2.10 |
| ● |
| 相关链接 |
|
|
|
|
正题名:马克思恩格斯全集
索取号:A1/2:10
 
预约/预借
| 序号 | 登录号 | 条形码 | 馆藏地/架位号 | 状态 | 备注 |
| 1 | 0029637 | 001979666 | 第一借阅区/ [索取号:A1/2:10] | 在馆 | |
| 2 | 0122389 | 002044870 | 第一样本阅览室/ [索取号:A1/2:10] | 在馆 | |
| 3 | 0448765 | 204487652 | 密集书库/ [索取号:A1/2:10] | 在馆 |